00698nam a2200181 a 450000100100000000500170001000800410002702000180006804000250008610000450011124500890015626000640024530000280030949000250033783000320036295201050039499900170049900003726420200930080241.0120321s2007 ve 000 0 spa d a9789803968397 aDO-SdBNPbspacBNPHU1 aCalazadilla Arreaza, Juan Antonio96368710aLa falacia imperialista de los derechos humanos /cJuan Antonio Calazadilla Arreaza. aCaracas :bFundación Editorial el Perro y la Rana,c2007. a219 p. :bil. ;c22 cm.1 aInventamos o erramos 0aInventamos o erramos963686 001050718MOaGRbGRcCTd2012-03-21iLF1l0o p37264-10r2020-06-25w2020-06-25y1ZNo se presta c36754d36754